000 00635nam a22002297a 4500
003 UA-OsUOA
001 99306
007 ta
008 20130426b un ||||| |||| 00| 0 ukr d
100 _aСлуцький Б.
090 _a821.161.1
_bС49
942 _cBK
040 _aUA-OsUOA
_brus
_cUA-OsUOA
_dUA-OsUOA
245 _aСтихи разных лет: из неизданного
300 _a272 с.
955 _a3
041 _arus
080 _a821.161.1
260 _aМ.
_bСоветский писатель
_c1988
650 7 _a82 Література. Літературознавство
_2UDC
999 _c385417
_d385417